000
00300nam a22001337a 4500
008
170726b xxu||||| |||| 00| 0 eng d
020
_a
9780135092767
041
_a
eng
080
_2
11TH
_a
004
100
_a
30
101
_a
SHK
245
_a
COMPUTERS ARE YOUR FUTURE
_c
LABERTA,C
942
_2
udc
_c
BK
999
_c
21925
_d
21925